[Event "II Open de Lisboa - Xeque Mate ao Verão "]
[Site "Espaço da Juventude nos Olivai"]
[Date "2014.08.10"]
[Round "2.9"]
[White "Garcia, Antonio Manuel Costa"]
[Black "Stelian, Turta"]
[Result "0-1"]
[WhiteElo "1929"]
[BlackElo "1831"]
[PlyCount "82"]
[EventDate "2014.08.10"]

1. c4 e5 2. Nc3 Nc6 3. g3 Nf6 4. Bg2 Bc5 5. e3 d6 6. Nge2 Bg4 7. h3 Bh5 8. a3
a6 9. O-O O-O 10. b3 Rb8 11. Bb2 Re8 12. d3 Qd7 13. Qd2 Ba7 14. Nd5 Nxd5 15.
cxd5 Ne7 16. g4 Bg6 17. e4 c6 18. d4 f6 19. dxe5 fxe5 20. Rad1 Rbd8 21. Kh2
cxd5 22. exd5 Rc8 23. Nc3 Bd4 24. f4 Qc7 25. Rc1 Qb6 26. Na4 Qxb3 27. Bxd4 exd4
28. Qxd4 Qxa3 29. Rxc8 Rxc8 30. f5 Bf7 31. f6 Ng6 32. fxg7 Ne5 33. Nb6 Qc5 34.
Qb2 Rc7 35. Na8 Qc2 36. Qa3 Bxd5 37. Rf8+ Kxg7 38. Qg3 Qxg2+ 39. Qxg2 Bxg2 40.
Rf2 Rc8 41. Nb6 Rc6 0-1

[Event "II Open de Lisboa - Xeque Mate ao Verão "]
[Site "Espaço da Juventude nos Olivai"]
[Date "2014.08.10"]
[Round "2.11"]
[White "Romano, Luis Miguel Pereira"]
[Black "Lages, Duarte Jorge Silva"]
[Result "0-1"]
[WhiteElo "1892"]
[BlackElo "1777"]
[PlyCount "82"]
[EventDate "2014.08.10"]

1. e4 Nf6 2. e5 Nd5 3. d4 d6 4. c4 Nb6 5. exd6 cxd6 6. Nc3 g6 7. Be3 Bg7 8. Bd3
Nc6 9. Nge2 O-O 10. h3 Nb4 11. b3 Nxd3+ 12. Qxd3 Bf5 13. Qd2 Re8 14. O-O e5 15.
a4 Bc8 16. a5 Nd7 17. Nb5 Nf6 18. dxe5 dxe5 19. Qxd8 Rxd8 20. Nxa7 Bf5 21. Rfc1
Rd3 22. g4 Rxe3 23. fxe3 Bd3 24. Nb5 Bxe2 25. Nd6 Bf3 26. Kf2 Bc6 27. g5 Ne4+
28. Nxe4 Bxe4 29. b4 Bf8 30. c5 Bc6 31. e4 Be7 32. h4 h6 33. gxh6 Bxh4+ 34. Kf3
Bg5 35. Rg1 Bxh6 36. Rad1 Bf8 37. Ke3 Kg7 38. Rd2 Rxa5 39. bxa5 Bxc5+ 40. Kd3
Bxg1 41. Rb2 Bd4 0-1

[Event "II Open de Lisboa - Xeque Mate ao Verão "]
[Site "Espaço da Juventude nos Olivai"]
[Date "2014.08.10"]
[Round "2.14"]
[White "Melo, Ricardo Jorge Do N C"]
[Black "Sousa, Tadeu Filipe Leonard"]
[Result "0-1"]
[WhiteElo "1514"]
[BlackElo "1751"]
[PlyCount "40"]
[EventDate "2014.08.10"]

1. e4 c5 2. Nf3 Nc6 3. d4 cxd4 4. Nxd4 e5 5. Nxc6 bxc6 6. c4 Nf6 7. Bg5 h6 8.
Bxf6 Qxf6 9. Nd2 Be7 10. a3 O-O 11. Nf3 Rb8 12. b4 Rd8 13. Qc2 d5 14. cxd5 cxd5
15. Bd3 dxe4 16. Bxe4 Ba6 17. Qc6 Rxb4 18. Nd2 Qf4 19. Rd1 Rb2 20. g3 Rbxd2 0-1

[Event "II Open de Lisboa - Xeque Mate ao Verão "]
[Site "Espaço da Juventude nos Olivai"]
[Date "2014.08.10"]
[Round "2.15"]
[White "Bolhari, Orphe Iraj"]
[Black "Fidalgo, Daniel Neves"]
[Result "1-0"]
[WhiteElo "2144"]
[BlackElo "1729"]
[PlyCount "55"]
[EventDate "2014.08.10"]

1. e4 e6 2. d4 d5 3. Nc3 Nf6 4. Bg5 Be7 5. e5 Nfd7 6. h4 Bxg5 7. hxg5 Qxg5 8.
Qd3 h6 9. Nh3 Qe7 10. O-O-O a6 11. Qg3 Rg8 12. Bd3 g6 13. Nf4 Qf8 14. Ncxd5
exd5 15. Nxd5 Kd8 16. e6 fxe6 17. Qxc7+ Ke8 18. Qxc8+ Kf7 19. Qxb7 Qd6 20. Nc7
Ra7 21. Qxa7 Nc6 22. Qxa6 Qxc7 23. Kb1 Kg7 24. Qc4 Qd6 25. Rhe1 e5 26. dxe5
Ndxe5 27. Qc3 Kh7 28. Bc4 1-0

[Event "II Open de Lisboa - Xeque Mate ao Verão "]
[Site "Espaço da Juventude nos Olivai"]
[Date "2014.08.10"]
[Round "2.16"]
[White "Martins, Abilio Morgado"]
[Black "Morais, Vitor Mestre"]
[Result "0-1"]
[WhiteElo "1543"]
[BlackElo "1948"]
[PlyCount "70"]
[EventDate "2014.08.10"]

1. d4 Nf6 2. c4 g6 3. Nc3 Bg7 4. e4 d6 5. Nf3 O-O 6. h3 Nbd7 7. Bd3 e5 8. d5 a5
9. O-O Nc5 10. Bc2 Ne8 11. Be3 f5 12. Bxc5 dxc5 13. Re1 f4 14. a4 Nd6 15. Nh2
Kh8 16. b3 Qg5 17. Nf3 Qe7 18. Kh2 h5 19. Rh1 Kg8 20. Kg1 g5 21. Nh2 Qf7 22.
Kf1 Qg6 23. f3 Rf7 24. Qe2 Bd7 25. Ke1 Raf8 26. Kd2 Bh6 27. Ke1 g4 28. hxg4
hxg4 29. fxg4 Bg5 30. Qf3 Rh7 31. Kd2 Rh4 32. Ne2 Qh6 33. Rag1 Rxh2 34. Rxh2
Qxh2 35. Qh3 f3+ 0-1

[Event "II Open de Lisboa - Xeque Mate ao Verão "]
[Site "Espaço da Juventude nos Olivai"]
[Date "2014.08.10"]
[Round "2.17"]
[White "Santos, Jose Manuel Duarte C"]
[Black "Romano, Joao Manuel Pereira"]
[Result "0-1"]
[WhiteElo "1853"]
[BlackElo "1593"]
[PlyCount "82"]
[EventDate "2014.08.10"]

1. e4 c5 2. Nf3 d6 3. d4 cxd4 4. Nxd4 Nf6 5. Nc3 a6 6. Bc4 e6 7. Be3 b5 8. Bb3
b4 9. Na4 Nxe4 10. Nf5 exf5 11. Qd5 Qc7 12. Qxa8 Bb7 13. Qa7 Be7 14. Bd5 Nc6
15. Qb6 Qd7 16. Bxc6 Bxc6 17. Qb8+ Bd8 18. Nb6 Qe6 19. Qc8 Qxc8 20. Nxc8 O-O
21. O-O-O Nxf2 22. Bxf2 Bg5+ 23. Kb1 Rxc8 24. Rxd6 Be4 25. Rxa6 h5 26. Rb6 Rxc2
27. Rb8+ Kh7 28. Bg3 Bf6 29. Re1 Rxb2+ 30. Kc1 Rb1+ 31. Kd2 Bc3+ 32. Ke2 Rb2+
33. Ke3 Rxa2 34. Re2 Ra3 35. Kf2 Bd4+ 36. Ke1 b3 37. Bd6 Ra1+ 38. Kd2 b2 39.
Rxe4 fxe4 40. Kc2 Rc1+ 41. Kd2 b1=Q 0-1

[Event "II Open de Lisboa - Xeque Mate ao Verão "]
[Site "Espaço da Juventude nos Olivai"]
[Date "2014.08.10"]
[Round "2.18"]
[White "Aguiar, Carlos Alberto Branc"]
[Black "Goncalves, Goncalo Cravo Jesus"]
[Result "1/2-1/2"]
[WhiteElo "1809"]
[BlackElo "1543"]
[PlyCount "96"]
[EventDate "2014.08.10"]

1. d4 e6 2. c4 Nf6 3. g3 d5 4. Bg2 Be7 5. Nf3 dxc4 6. Qa4+ Nbd7 7. Qxc4 O-O 8.
O-O c5 9. dxc5 Bxc5 10. Nc3 Qe7 11. e4 b6 12. e5 Nd5 13. a3 a5 14. Nxd5 exd5
15. Qxd5 Ba6 16. Re1 Rfe8 17. Bf4 Nf8 18. Rad1 Rad8 19. Qb3 Ne6 20. Rxd8 Rxd8
21. Be3 Rd3 22. Bxc5 Qxc5 23. Qa4 Qb5 24. Qxb5 Bxb5 25. Bf1 Rxf3 26. Bxb5 Rb3
27. Bc4 Rxb2 28. Bxe6 fxe6 29. Rd1 Rb3 30. Rd6 Kf7 31. a4 Rb4 32. Kg2 Rxa4 33.
Rxb6 Ra1 34. Rb7+ Kf8 35. h4 a4 36. Ra7 a3 37. Kh2 a2 38. Kg2 Ke8 39. f4 h5 40.
Kh2 Kd8 41. Kg2 Kc8 42. Kh2 Kb8 43. Ra3 Kb7 44. Kg2 Kb6 45. Ra8 Kb5 46. Kh2 Kb4
47. Rb8+ Kc3 48. Ra8 Kb2 1/2-1/2

[Event "II Open de Lisboa - Xeque Mate ao Verão "]
[Site "Espaço da Juventude nos Olivai"]
[Date "2014.08.10"]
[Round "2.20"]
[White "Alves, Luis Miguel Guerreir"]
[Black "Mouquinho, Jose F Borralho"]
[Result "1-0"]
[WhiteElo "1781"]
[BlackElo "1528"]
[PlyCount "55"]
[EventDate "2014.08.10"]

1. c4 e5 2. Nc3 Nf6 3. Nf3 Nc6 4. g3 Be7 5. Bg2 O-O 6. O-O d6 7. Rb1 a5 8. a3
Re8 9. b4 axb4 10. axb4 e4 11. Ng5 d5 12. cxd5 Nxd5 13. Nxd5 Bxg5 14. Ne3 b5
15. d3 f5 16. Nc2 Bxc1 17. Rxc1 Ra4 18. Rb1 Nd4 19. dxe4 Nxc2 20. Qxc2 fxe4 21.
Bxe4 Qe7 22. Bxh7+ Kh8 23. Bd3 Bh3 24. Rfc1 Rxb4 25. Rxb4 Qxb4 26. Qxc7 Qd2 27.
Qc5 b4 28. Qh5+ 1-0

[Event "II Open de Lisboa - Xeque Mate ao Verão "]
[Site "Espaço da Juventude nos Olivai"]
[Date "2014.08.11"]
[Round "3.1"]
[White "Damaso, Rui"]
[Black "Maslov, Vadim"]
[Result "1-0"]
[WhiteElo "2401"]
[BlackElo "1858"]
[PlyCount "36"]
[EventDate "2014.08.10"]

1. e4 c5 2. Nf3 e6 3. Nc3 a6 4. g3 Nc6 5. Bg2 g6 6. d4 cxd4 7. Nxd4 Bg7 8. Nxc6
bxc6 9. Qd6 Qe7 10. Bf4 e5 11. Qxe7+ Kxe7 12. Be3 Bh6 13. f4 d6 14. Rd1 Rb8 15.
b3 Bg7 16. Na4 Nf6 17. fxe5 dxe5 18. Bc5+ Ke8 1-0

[Event "II Open de Lisboa - Xeque Mate ao Verão "]
[Site "Espaço da Juventude nos Olivai"]
[Date "2014.08.11"]
[Round "3.2"]
[White "Reis, Luis Sousa"]
[Black "Pereira, Simao Serrano Jesus"]
[Result "1-0"]
[WhiteElo "2190"]
[BlackElo "1849"]
[PlyCount "47"]
[EventDate "2014.08.10"]

1. Nc3 d5 2. d4 Nf6 3. Bg5 Bf5 4. f3 c6 5. Qd2 Nbd7 6. O-O-O Qa5 7. e4 dxe4 8.
fxe4 Bg6 9. d5 cxd5 10. exd5 Rc8 11. Nf3 Rxc3 12. Qxc3 Qxc3 13. bxc3 Ne4 14.
Rd4 Ndc5 15. Bd2 a6 16. Bd3 Nf2 17. Bxg6 Nxh1 18. Bxf7+ Kxf7 19. Be3 Nd7 20.
Ng5+ Kg8 21. Rd1 Ng3 22. hxg3 g6 23. Rf1 h6 24. Ne6 1-0

[Event "II Open de Lisboa - Xeque Mate ao Verão "]
[Site "Espaço da Juventude nos Olivai"]
[Date "2014.08.11"]
[Round "3.3"]
[White "Pires, Emanuel Joao Robarts"]
[Black "Stelian, Turta"]
[Result "0-1"]
[WhiteElo "2093"]
[BlackElo "1831"]
[PlyCount "218"]
[EventDate "2014.08.10"]

1. e4 c6 2. f4 d5 3. e5 c5 4. Nf3 Bg4 5. Be2 e6 6. O-O Nc6 7. c3 Qb6 8. d3 Nge7
9. Na3 a6 10. Nc2 Nf5 11. Ng5 Bxe2 12. Qxe2 h5 13. Ne3 Nce7 14. Kh1 Nxe3 15.
Bxe3 Nf5 16. Bf2 Qc6 17. b4 Rc8 18. bxc5 Bxc5 19. Rfc1 Bxf2 20. Qxf2 b5 21. a4
b4 22. c4 O-O 23. Qe2 g6 24. Qd2 a5 25. c5 Rb8 26. Qb2 Kg7 27. Nf3 Rb7 28. Nd2
Rfb8 29. Nb3 Ra8 30. Qf2 Rbb8 31. Qf3 Rh8 32. g3 Rhc8 33. Kg1 Rh8 34. Qf2 Rhc8
35. Rc2 Rh8 36. Qf3 Rhc8 37. Rg2 Rh8 38. Qf2 Rh6 39. Qe2 Rhh8 40. Qf3 Rh7 41.
Rc2 Rhh8 42. Qf2 Rh6 43. Qd2 Rhh8 44. Qe1 Rhc8 45. Qd2 Kg8 46. Qf2 Kg7 47. Qe2
Rh8 48. Kf2 Rhd8 49. d4 Rdc8 50. h3 Ne7 51. Qd3 Rcb8 52. Rb2 Qa6 53. Qxa6 Rxa6
54. Ke3 Nc6 55. Rh1 Rh8 56. Nd2 Raa8 57. Rbb1 Rab8 58. Nb3 Ra8 59. Rhg1 Rh7 60.
Rbf1 Rhh8 61. Rf3 Kf8 62. g4 hxg4 63. hxg4 Rg8 64. Rh1 Ke7 65. f5 gxf5 66. gxf5
Rh8 67. Rfh3 Rxh3+ 68. Rxh3 Rg8 69. fxe6 fxe6 70. Rh7+ Kd8 71. Kf4 Rf8+ 72. Kg4
Rg8+ 73. Kh4 Rf8 74. Kg4 Rg8+ 75. Kf4 Rf8+ 76. Ke3 Rg8 77. Nxa5 Nxa5 78. Ra7
Nc4+ 79. Kf4 Rf8+ 80. Kg5 b3 81. Ra8+ Ke7 82. Ra7+ Ke8 83. Kg6 Rf3 84. c6 b2
85. Ra8+ Ke7 86. Rb8 Na5 87. Rxb2 Nxc6 88. Rb6 Rg3+ 89. Kh5 Nxd4 90. a5 Ra3 91.
Rb7+ Kd8 92. Ra7 Kc8 93. Kg6 Kb8 94. Ra6 Ra4 95. Kf6 Kb7 96. Rb6+ Ka7 97. Rb2
Ka6 98. Ke7 Kxa5 99. Kd6 Rb4 100. Rd2 Kb5 101. Rd1 Rc4 102. Rb1+ Ka4 103. Rb7
Rb4 104. Ra7+ Kb3 105. Kc5 Rc4+ 106. Kd6 Nb5+ 107. Kxe6 Nxa7 108. Kxd5 Nc8 109.
Ke6 Rd4 0-1

[Event "II Open de Lisboa - Xeque Mate ao Verão "]
[Site "Espaço da Juventude nos Olivai"]
[Date "2014.08.11"]
[Round "3.4"]
[White "Margarido, Jose Miguel Teixeir"]
[Black "Antunes, Paulo Alexandre Gonç"]
[Result "1-0"]
[WhiteElo "1993"]
[BlackElo "1850"]
[PlyCount "53"]
[EventDate "2014.08.10"]

1. e4 e5 2. Nf3 Nc6 3. Bc4 Nf6 4. Ng5 d5 5. exd5 Na5 6. d3 Nxc4 7. dxc4 Bg4 8.
Qd3 Qd7 9. Nc3 O-O-O 10. Bd2 c6 11. Nge4 Nxe4 12. Qxe4 f5 13. Qe3 c5 14. f3 f4
15. Qe2 Bf5 16. O-O-O g5 17. g4 Bg6 18. Qxe5 Re8 19. Qxg5 Be7 20. Qxf4 Bd6 21.
Qh6 Re2 22. f4 Rxd2 23. Rxd2 Qxg4 24. Rf1 Rf8 25. Rdf2 Rf7 26. f5 Qxc4 27. Qh3
1-0

[Event "II Open de Lisboa - Xeque Mate ao Verão "]
[Site "Espaço da Juventude nos Olivai"]
[Date "2014.08.11"]
[Round "3.5"]
[White "Coelho, Pedro Rodrigo Dias"]
[Black "Lages, Duarte Jorge Silva"]
[Result "1/2-1/2"]
[WhiteElo "1926"]
[BlackElo "1777"]
[PlyCount "66"]
[EventDate "2014.08.10"]

1. Nf3 Nf6 2. b3 d5 3. Bb2 c5 4. e3 Nc6 5. Be2 g6 6. a3 Bg7 7. d3 O-O 8. Nbd2
Re8 9. O-O e5 10. Rb1 a5 11. h3 Qc7 12. Nh2 d4 13. e4 a4 14. Bc1 Bd7 15. g4 Be6
16. Qe1 Bh6 17. Ndf3 Bxc1 18. Qxc1 Kg7 19. Nh4 h6 20. Kh1 g5 21. Nf5+ Bxf5 22.
gxf5 Rh8 23. Rg1 Ng8 24. Qb2 axb3 25. cxb3 Qa5 26. a4 Nb4 27. Qc1 f6 28. Rb2
Ne7 29. h4 Qb6 30. h5 Qc7 31. Qc4 Qc6 32. Bf3 b6 33. Rc1 Qd6 1/2-1/2

[Event "II Open de Lisboa - Xeque Mate ao Verão "]
[Site "Espaço da Juventude nos Olivai"]
[Date "2014.08.11"]
[Round "3.6"]
[White "Ferreira, Hugo Miguel Da Costa"]
[Black "Figueiredo, Renato Freire"]
[Result "1-0"]
[WhiteElo "1878"]
[BlackElo "1766"]
[PlyCount "69"]
[EventDate "2014.08.10"]

1. d4 d5 2. f4 c6 3. Nf3 Nf6 4. e3 Bf5 5. Be2 e6 6. O-O Be7 7. Ne5 h5 8. Nd2 g6
9. c4 Ne4 10. cxd5 exd5 11. Nxe4 Bxe4 12. Bd3 Nd7 13. Bxe4 dxe4 14. Qb3 Nxe5
15. fxe5 Qd5 16. Qxb7 Rd8 17. Qxa7 c5 18. Qa4+ Qd7 19. Qxd7+ Rxd7 20. Rd1 f5
21. d5 Bf8 22. b3 Bg7 23. Bb2 Rb7 24. Rac1 Rb5 25. Rc4 O-O 26. Bc3 Ra8 27. a4
Rxb3 28. Rxc5 Bh6 29. Kf2 Rxa4 30. Rc8+ Bf8 31. e6 Ra2+ 32. Kf1 Rxc3 33. Rxc3
Ra6 34. Rc8 Kg7 35. Rc7+ 1-0

[Event "II Open de Lisboa - Xeque Mate ao Verão "]
[Site "Espaço da Juventude nos Olivai"]
[Date "2014.08.11"]
[Round "3.7"]
[White "Sousa, Tadeu Filipe Leonard"]
[Black "Cadeirinhas, David E Louro Ada"]
[Result "1/2-1/2"]
[WhiteElo "1751"]
[BlackElo "1863"]
[PlyCount "90"]
[EventDate "2014.08.10"]

1. e4 c5 2. Nf3 Nc6 3. Bb5 g6 4. O-O Bg7 5. c3 Nf6 6. d4 cxd4 7. cxd4 a6 8.
Bxc6 dxc6 9. Nc3 Bg4 10. Be3 O-O 11. h3 Bxf3 12. Qxf3 e6 13. Rfd1 Qa5 14. a3
Rfd8 15. b4 Qh5 16. g4 Qh4 17. Rac1 a5 18. b5 cxb5 19. Nxb5 h5 20. gxh5 Qxe4
21. Qxe4 Nxe4 22. hxg6 fxg6 23. Nc7 Rac8 24. Nxe6 Rxc1 25. Rxc1 Rd7 26. Rc8+
Kf7 27. Nxg7 Kxg7 28. f3 Nf6 29. Kf2 Kf7 30. Rc5 b6 31. Rc2 Nd5 32. f4 Ke6 33.
Kf3 Kf5 34. Bc1 Re7 35. h4 Re4 36. Rg2 Rxd4 37. Rg5+ Ke6 38. Rxg6+ Kf7 39. Rg7+
Kxg7 40. Bb2 Kg6 41. Bxd4 Kf5 42. Be3 b5 43. Bd2 b4 44. axb4 axb4 45. Bxb4 Nxb4
1/2-1/2

[Event "II Open de Lisboa - Xeque Mate ao Verão "]
[Site "Espaço da Juventude nos Olivai"]
[Date "2014.08.11"]
[Round "3.8"]
[White "Carneiro, Carlos Alberto C P"]
[Black "Ulyanovskyy, Viktor"]
[Result "0-1"]
[WhiteElo "2211"]
[BlackElo "2280"]
[PlyCount "106"]
[EventDate "2014.08.10"]

1. d4 c5 2. d5 f5 3. g3 Nf6 4. Bg2 g6 5. Nf3 d6 6. c4 Bg7 7. Nc3 O-O 8. O-O Na6
9. h3 Nc7 10. a4 Rb8 11. Kh2 a6 12. a5 b5 13. axb6 Rxb6 14. Ra2 Rb4 15. b3 Ng4+
16. hxg4 fxg4 17. Ne4 gxf3 18. Bxf3 Ne8 19. Kg2 Nf6 20. Ng5 h6 21. Ne6 Bxe6 22.
dxe6 Qc8 23. Qd3 g5 24. Qg6 Qe8 25. Qxe8 Nxe8 26. Rxa6 Rxb3 27. Bh5 Bf6 28. Ra8
Nc7 29. Bf7+ Kg7 30. Rxf8 Kxf8 31. f4 Kg7 32. fxg5 hxg5 33. Rf5 Kh6 34. Kf2
Bd4+ 35. Kg2 Bf6 36. Kf2 Rb4 37. Bd2 Ra4 38. Kf3 Ra2 39. Be1 Ra3+ 40. e3 Ra4
41. g4 Kg7 42. e4 Rxc4 43. Bd2 Nb5 44. Rxg5+ Bxg5 45. Bxg5 Nc3 46. Bxe7 Nxe4
47. g5 d5 48. Bd8 Ra4 49. g6 Nf6 50. Bb6 c4 51. e7 c3 52. Bxd5 c2 53. Be3 Ra3
0-1

[Event "II Open de Lisboa - Xeque Mate ao Verão "]
[Site "Espaço da Juventude nos Olivai"]
[Date "2014.08.11"]
[Round "3.9"]
[White "Dionizio, Andre Filipe N"]
[Black "Bolhari, Orphe Iraj"]
[Result "0-1"]
[WhiteElo "1796"]
[BlackElo "2144"]
[PlyCount "73"]
[EventDate "2014.08.10"]

1. e4 e5 2. Nf3 Nc6 3. Bc4 Bc5 4. O-O Nf6 5. d3 d6 6. h3 a6 7. a3 O-O 8. Be3
Bxe3 9. fxe3 Ne7 10. Nc3 c6 11. Ba2 Ng6 12. d4 Re8 13. d5 c5 14. Qd3 b5 15. b3
Bd7 16. Ne2 Qc8 17. c4 Nxe4 18. Nh4 f5 19. Nxg6 hxg6 20. Nc3 Ng3 21. Rf2 b4 22.
axb4 cxb4 23. Kh2 Nh5 24. Ne2 Qc5 25. Bb1 a5 26. g4 Nf6 27. Ng3 e4 28. Qf1 Qxe3
29. gxf5 Qh6 30. Rf4 gxf5 31. Nxf5 Bxf5 32. Rxf5 Ng4+ 33. Kg3 Ne3 34. Qf4 Nxf5+
35. Qxf5 Re5 36. Qf2 Rf8 37. Qg2 0-1

[Event "II Open de Lisboa - Xeque Mate ao Verão "]
[Site "Espaço da Juventude nos Olivai"]
[Date "2014.08.11"]
[Round "3.10"]
[White "Vasconcellos, Renato Fialho De"]
[Black "Alves, Luis Miguel Guerreir"]
[Result "1-0"]
[WhiteElo "2049"]
[BlackElo "1781"]
[PlyCount "73"]
[EventDate "2014.08.10"]

1. e4 g6 2. d4 Bg7 3. Nc3 d6 4. f4 Nf6 5. Nf3 O-O 6. Be3 Ng4 7. Bg1 Nf6 8. Qd2
a5 9. h3 Nbd7 10. O-O-O c6 11. g4 b5 12. e5 Ne8 13. h4 Nb6 14. Qg2 b4 15. Ne4
Nd5 16. h5 gxh5 17. gxh5 h6 18. Qd2 Bf5 19. Bd3 Kh8 20. Be3 Nec7 21. Rdg1 Rg8
22. Nxd6 exd6 23. Bxf5 Ne7 24. Be4 d5 25. Bd3 Qd7 26. Nh4 Ne6 27. f5 Ng5 28. f6
Bf8 29. Bxg5 hxg5 30. fxe7 Bxe7 31. Nf5 Bd8 32. Nh6 Rg7 33. Bf5 Qa7 34. Ng4 c5
35. Nf6 Be7 36. Rxg5 Bxf6 37. exf6 1-0

[Event "II Open de Lisboa - Xeque Mate ao Verão "]
[Site "Espaço da Juventude nos Olivai"]
[Date "2014.08.11"]
[Round "3.11"]
[White "Pintor, Simao Maciel Abranch"]
[Black "Negrao, Alberto Rodolfo Alme"]
[Result "1-0"]
[WhiteElo "2041"]
[BlackElo "1768"]
[PlyCount "77"]
[EventDate "2014.08.10"]

1. e4 c5 2. Nc3 d6 3. f4 a6 4. Nf3 e6 5. a4 Qc7 6. Bc4 Nc6 7. O-O Nf6 8. Qe1
Nd4 9. Qd1 Be7 10. d3 O-O 11. a5 b5 12. axb6 Qxb6 13. e5 Nd7 14. exd6 Bxd6 15.
Ne4 Be7 16. Ne5 Nf6 17. c3 Nc6 18. Ng5 h6 19. Ngxf7 Rxf7 20. Nxf7 Kxf7 21. f5
Ne5 22. fxe6+ Kg8 23. Rxf6 gxf6 24. Bd5 Rb8 25. d4 cxd4 26. cxd4 Bxe6 27. Bxe6+
Qxe6 28. dxe5 Bc5+ 29. Kh1 fxe5 30. Bxh6 Rxb2 31. Qc1 Bd4 32. Qg5+ Kf7 33. Qg7+
Ke8 34. Rc1 Qf5 35. Qg8+ Ke7 36. Rc7+ Kd6 37. Qd8+ Ke6 38. Re7+ Kf6 39. Qd6+
1-0

[Event "II Open de Lisboa - Xeque Mate ao Verão "]
[Site "Espaço da Juventude nos Olivai"]
[Date "2014.08.11"]
[Round "3.12"]
[White "Marques, Rui Filipe Pereira"]
[Black "Correia, Jorge Paulo Cardoso"]
[Result "1-0"]
[WhiteElo "1998"]
[BlackElo "1750"]
[PlyCount "39"]
[EventDate "2014.08.10"]

1. e4 c5 2. c3 Nf6 3. e5 Nd5 4. d4 cxd4 5. Nf3 Nc6 6. cxd4 d6 7. Bc4 e6 8. O-O
Be7 9. Qe2 O-O 10. Rd1 Qc7 11. Bd2 Rd8 12. Nc3 Nb6 13. Bb3 a6 14. Rac1 Nd7 15.
d5 Ndxe5 16. dxc6 Nxf3+ 17. Qxf3 bxc6 18. Qg3 Bb7 19. Ne4 c5 20. Nxc5 1-0

[Event "II Open de Lisboa - Xeque Mate ao Verão "]
[Site "Espaço da Juventude nos Olivai"]
[Date "2014.08.11"]
[Round "3.13"]
[White "Fortunato, Antonio Eduardo Con"]
[Black "Martins, Andre G Gomes Brito"]
[Result "0-1"]
[WhiteElo "1752"]
[BlackElo "1965"]
[PlyCount "98"]
[EventDate "2014.08.10"]

1. e4 c5 2. Nc3 Nc6 3. Nf3 d6 4. h3 g6 5. b3 Bg7 6. Bb2 Nf6 7. Nd5 e6 8. Nxf6+
Bxf6 9. Bxf6 Qxf6 10. Bb5 Bd7 11. O-O a6 12. Bc4 O-O 13. c3 Ne5 14. Be2 Nxf3+
15. Bxf3 e5 16. Bg4 Bc6 17. Bf3 Rfd8 18. c4 b5 19. d3 b4 20. Qd2 a5 21. Bg4 Bd7
22. Bxd7 Rxd7 23. a4 Rf8 24. Rad1 Qg7 25. f4 f5 26. exf5 Rxf5 27. fxe5 Rxf1+
28. Rxf1 dxe5 29. Qe3 Rd4 30. Re1 e4 31. dxe4 Qe5 32. Qf3 Kg7 33. Rf1 Kh6 34.
Qf4+ Qxf4 35. Rxf4 Kg5 36. Rg4+ Kf6 37. Kf2 Rd2+ 38. Ke1 Rd3 39. Rf4+ Ke5 40.
Rf3 Kxe4 41. Ke2 Rxf3 42. gxf3+ Kf4 43. h4 h6 44. Kf2 h5 45. Ke2 Kg3 46. Ke3
Kxh4 47. Kf2 Kg5 48. Kg3 Kf5 49. Kh4 Kf4 0-1

[Event "II Open de Lisboa - Xeque Mate ao Verão "]
[Site "Espaço da Juventude nos Olivai"]
[Date "2014.08.11"]
[Round "3.14"]
[White "Morais, Vitor Mestre"]
[Black "Azevedo, Manuel Roque"]
[Result "1-0"]
[WhiteElo "1948"]
[BlackElo "1720"]
[PlyCount "79"]
[EventDate "2014.08.10"]

1. b3 Nf6 2. Bb2 e6 3. e3 Be7 4. f4 b6 5. Nf3 Bb7 6. Be2 O-O 7. O-O d6 8. d3
Nbd7 9. e4 Ng4 10. Qd2 Bf6 11. c3 Nh6 12. Na3 Re8 13. Rae1 Kh8 14. Bd1 e5 15.
f5 Ba6 16. c4 Bb7 17. Nb5 a6 18. Nc3 c6 19. Ne2 c5 20. Ng3 b5 21. Nh5 b4 22.
Kh1 Ng8 23. g4 g6 24. Nxf6 Qxf6 25. fxg6 Qxg6 26. Nh4 Qe6 27. Bc1 Nf8 28. Qf2
f6 29. Nf5 Ng6 30. h4 Rf8 31. Qg3 Rad8 32. Kh2 Bc8 33. g5 N6e7 34. gxf6 Qxf6
35. Bg5 Qg6 36. Nxe7 Nxe7 37. Bxe7 Rxf1 38. Rxf1 Qxg3+ 39. Kxg3 Rg8+ 40. Kh2
1-0

[Event "II Open de Lisboa - Xeque Mate ao Verão "]
[Site "Espaço da Juventude nos Olivai"]
[Date "2014.08.11"]
[Round "3.15"]
[White "Andrade, Carlos Alberto Teixe"]
[Black "Garcia, Antonio Manuel Costa"]
[Result "0-1"]
[WhiteElo "1712"]
[BlackElo "1929"]
[PlyCount "50"]
[EventDate "2014.08.10"]

1. d4 d5 2. c4 c6 3. Nc3 Nf6 4. Nf3 e6 5. a3 Nbd7 6. c5 e5 7. b4 exd4 8. Qxd4
a5 9. Bb2 axb4 10. axb4 Rxa1+ 11. Bxa1 b6 12. Na4 bxc5 13. Nxc5 Nxc5 14. bxc5
Qa5+ 15. Bc3 Qxc5 16. Qxc5 Bxc5 17. Bxf6 gxf6 18. e3 Bb4+ 19. Kd1 Bd7 20. Bd3
O-O 21. h3 Ra8 22. Rf1 Ra1+ 23. Kc2 Ra3 24. Rb1 c5 25. Nd2 Ba4+ 0-1

[Event "II Open de Lisboa - Xeque Mate ao Verão "]
[Site "Espaço da Juventude nos Olivai"]
[Date "2014.08.11"]
[Round "3.16"]
[White "Balu, Henish Hemendra"]
[Black "Romano, Luis Miguel Pereira"]
[Result "1/2-1/2"]
[WhiteElo "1688"]
[BlackElo "1892"]
[PlyCount "61"]
[EventDate "2014.08.10"]

1. e4 c5 2. Nf3 d6 3. d4 cxd4 4. Nxd4 Nf6 5. Nc3 a6 6. Be3 e5 7. Nb3 Be6 8. f3
h5 9. Qd2 Nbd7 10. O-O-O Rc8 11. Kb1 Be7 12. Qf2 a5 13. Bb5 O-O 14. h3 Rxc3 15.
bxc3 Qc7 16. c4 Bxc4 17. Bxc4 Qxc4 18. Nxa5 Qa4 19. Nb3 Ra8 20. c3 Qc4 21. Qd2
Ra6 22. g4 Nb6 23. Bxb6 Rxb6 24. g5 Nd7 25. g6 Nc5 26. Qd5 Qxd5 27. Rxd5 fxg6
28. Kc2 Ne6 29. a4 Kf7 30. Rb5 Bd8 31. Rxb6 1/2-1/2

[Event "II Open de Lisboa - Xeque Mate ao Verão "]
[Site "Espaço da Juventude nos Olivai"]
[Date "2014.08.11"]
[Round "3.17"]
[White "Campos, Carlos Alberto Viega"]
[Black "Rocha, Manuel Fernando Teix"]
[Result "0-1"]
[WhiteElo "1649"]
[BlackElo "1872"]
[PlyCount "90"]
[EventDate "2014.08.10"]

1. d4 d5 2. c4 c6 3. Nc3 Nf6 4. cxd5 cxd5 5. Bf4 Nc6 6. e3 a6 7. Bd3 Bg4 8. f3
Bh5 9. Nge2 e6 10. a3 Bg6 11. e4 dxe4 12. fxe4 Be7 13. Bc2 O-O 14. O-O Rc8 15.
Rc1 Na5 16. Bd3 Nc4 17. Bxc4 Rxc4 18. b3 Rc8 19. b4 Nxe4 20. Nxe4 Bxe4 21. Rxc8
Qxc8 22. Ng3 Bg6 23. d5 Rd8 24. d6 Bxd6 25. Bxd6 Qd7 26. Qf3 Qxd6 27. Qxb7 h5
28. Ne2 Qd3 29. Qb6 e5 30. a4 Rd6 31. Qc5 f6 32. Rf3 Qb1+ 33. Rf1 Rd1 34. Rxd1
Qxd1+ 35. Kf2 Qxa4 36. Nc3 Qc2+ 37. Kf3 e4+ 38. Kg3 Qd3+ 39. Kf2 f5 40. Qd5+
Qxd5 41. Nxd5 Kf8 42. Ke3 Be8 43. Kf4 g6 44. Nf6 Bc6 45. g3 Kg7 0-1